Myer Myers (Record no. 8803)

MARC details
000 -CABECERA
campo de control de longitud fija 01047nam a2200265 a 4500
001 - NÚMERO DE CONTROL
campo de control BRCA_9156
005 - FECHA Y HORA DE LA ÚLTIMA TRANSACCIÓN
campo de control 20190320210536.0
008 - DATOS DE LONGITUD FIJA--INFORMACIÓN GENERAL
campo de control de longitud fija 170918s2001----u--a######---#000-0#eng-#
020 ## - NÚMERO INTERNACIONAL ESTÁNDAR DEL LIBRO
Número Internacional Estándar del Libro 0894670999
041 ## - CÓDIGO DE LENGUA
Código de lengua del texto/banda sonora o título independiente eng
044 ## - CÓDIGO DEL PAÍS DE LA ENTIDAD EDITORA/PRODUCTORA
Código MARC del país u
050 #4 - SIGNATURA TOPOGRÁFICA DE LA BIBLIOTECA DEL CONGRESO
Número de clasificación NK7198.M9
Número de documento/Ítem .B37 2001
100 1# - ENTRADA PRINCIPAL--NOMBRE DE PERSONA
Nombre de persona Barquist, David L.
9 (RLIN) 22587
245 10 - MENCIÓN DE TÍTULO
Título Myer Myers
Resto del título Jewish Silversmith in Colonial New York
Mención de responsabilidad, etc. David L. Barquist ; with essays by Jon Butler and Jonathan D. Sarna.
260 ## - PUBLICACIÓN, DISTRIBUCIÓN, ETC.
Lugar de publicación, distribución, etc. New Haven, Connecticut
Nombre del editor, distribuidor, etc. Yale University Art Gallery
Fecha de publicación, distribución, etc. 2001
300 ## - DESCRIPCIÓN FÍSICA
Extensión xv, 304 p.
Otras características físicas il. (algunas a color)
Dimensiones 29 cm.
504 ## - NOTA DE BIBLIOGRAFÍA, ETC.
Nota de bibliografía, etc. Incluye referencias bibliográficas e índice
600 14 - PUNTO DE ACCESO ADICIONAL DE MATERIA--NOMBRE DE PERSONA
Nombre de persona Myers, Myer
Fechas asociadas al nombre 1723-1795
Subdivisión de forma Exposiciones
9 (RLIN) 22588
600 14 - PUNTO DE ACCESO ADICIONAL DE MATERIA--NOMBRE DE PERSONA
Nombre de persona Myers, Myer
Fechas asociadas al nombre 1723-1795
Subdivisión general Crítica e interpretación
9 (RLIN) 22589
650 14 - PUNTO DE ACCESO ADICIONAL DE MATERIA--TÉRMINO DE MATERIA
Término de materia o nombre geográfico como elemento de entrada Trabajo en plata
Subdivisión de forma Exposiciones
Subdivisión geográfica Nueva York (Estado)
9 (RLIN) 22590
650 14 - PUNTO DE ACCESO ADICIONAL DE MATERIA--TÉRMINO DE MATERIA
Término de materia o nombre geográfico como elemento de entrada Platería judía
Subdivisión de forma Exposiciones
Subdivisión general Historia
Subdivisión cronológica Siglo XVIII
Subdivisión geográfica Nueva York (Estado)
9 (RLIN) 22591
700 1# - PUNTO DE ACCESO ADICIONAL--NOMBRE DE PERSONA
Nombre de persona Butler, Jon
Fechas asociadas al nombre 1940-
9 (RLIN) 22592
700 1# - PUNTO DE ACCESO ADICIONAL--NOMBRE DE PERSONA
Nombre de persona Sarna, Jonathan D.
9 (RLIN) 22593
942 ## - ELEMENTOS DE PUNTO DE ACCESO ADICIONAL (KOHA)
Fuente del sistema de clasificación o colocación Library of Congress Classification
Tipo de ítem Koha Libros
Holdings
Estado de retiro Estado de pérdida Estado dañado No para préstamo Localización permanente Ubicación/localización actual Fecha de adquisición Total de préstamos Signatura topográfica completa Código de barras Fecha visto por última vez Precio válido a partir de Tipo de ítem Koha
El ejemplar forma parte de la colección y puede ser consultado según las políticas vigentes.       Biblioteca del Museo Franz Mayer (Rogerio Casas-Alatriste) Biblioteca del Museo Franz Mayer (Rogerio Casas-Alatriste) 14/09/2018   NK7198.M9 .B37 2001 02985 22/03/2019 22/03/2019 Libros